PARIKH'S TEXTBOOK OF MEDICAL JURISPRUDENCE,FORENSIC MEDICINE AND TOXICOLOGY (Record no. 14899)

MARC details
000 -LEADER
fixed length control field 00393nam a22001577a 4500
003 - CONTROL NUMBER IDENTIFIER
control field SGT
020 ## - INTERNATIONAL STANDARD BOOK NUMBER
International Standard Book Number 978-81-239-2646-9
082 ## - DEWEY DECIMAL CLASSIFICATION NUMBER
Classification number 614.1
Item number P14S
100 ## - MAIN ENTRY--PERSONAL NAME
Personal name SUBRAHMANYAM,B.V
245 ## - TITLE STATEMENT
Title PARIKH'S TEXTBOOK OF MEDICAL JURISPRUDENCE,FORENSIC MEDICINE AND TOXICOLOGY
250 ## - EDITION STATEMENT
Edition statement 7TH
260 ## - PUBLICATION, DISTRIBUTION, ETC. (IMPRINT)
Place of publication, distribution, etc NEW DELHI
Name of publisher, distributor, etc C.B.S PUB
Year of Publication 2014
300 ## - PAGE DESCRIPTION
No. of Pages 722
650 ## - SUBJECT ADDED ENTRY--TOPICAL TERM
Topical term or geographic name as entry element AYURVEDA
942 ## - ADDED ENTRY ELEMENTS (KOHA)
Source of classification or shelving scheme Dewey Decimal Classification
Koha item type Books
942 ## - ADDED ENTRY ELEMENTS (KOHA)
-- 3
Holdings
Withdrawn status Lost status Source of classification or shelving scheme Damaged status Not for loan Collection code Home library Current library Shelving location Date acquired Vendor Name Cost, normal purchase price SGTU Bill Number Total Checkouts Full call number Accession No. (Barcode) Date last seen Date last borrowed Bill Date Koha item type
    Dewey Decimal Classification     AYURVEDA SGT FA-FP Library SGT FA-FP Library Text Book 30/01/2018 AHUJA PUB 695.00 SGTU 9136 2 614.1 P14S FA8001 23/08/2023 23/08/2023 04/01/2018 Books
    Dewey Decimal Classification     AYURVEDA SGT FA-FP Library SGT FA-FP Library Text Book 30/01/2018 AHUJA PUB 695.00 SGTU 9136 2 614.1 P14S FA8002 19/10/2022 08/10/2022 04/01/2018 Books
    Dewey Decimal Classification     AYURVEDA SGT FA-FP Library SGT FA-FP Library Text Book 30/01/2018 AHUJA PUB 695.00 SGTU 9136   614.1 P14S FA8003 30/01/2018   04/01/2018 Books
    Dewey Decimal Classification     AYURVEDA SGT FA-FP Library SGT FA-FP Library Text Book 30/01/2018 AHUJA PUB 695.00 SGTU 9136   614.1 P14S FA8004 30/01/2018   04/01/2018 Books
    Dewey Decimal Classification     AYURVEDA SGT FA-FP Library SGT FA-FP Library Text Book 30/01/2018 AHUJA PUB 695.00 SGTU 9136 2 614.1 P14S FA8005 07/07/2022 07/07/2022 04/01/2018 Books